| 000 -LEADER |
| fixed length control field |
01401cam a22003614a 4500 |
| 001 - CONTROL NUMBER |
| control field |
13199228 |
| 003 - CONTROL NUMBER IDENTIFIER |
| control field |
Nust |
| 005 - DATE AND TIME OF LATEST TRANSACTION |
| control field |
20170105095819.0 |
| 008 - FIXED-LENGTH DATA ELEMENTS--GENERAL INFORMATION |
| fixed length control field |
030515s2003 inua 001 0 eng |
| 010 ## - LIBRARY OF CONGRESS CONTROL NUMBER |
| LC control number |
2003107082 |
| 020 ## - INTERNATIONAL STANDARD BOOK NUMBER |
| International Standard Book Number |
0764543776 |
| 035 ## - SYSTEM CONTROL NUMBER |
| System control number |
(DLC) 2003107082 |
| 040 ## - CATALOGING SOURCE |
| Original cataloging agency |
DLC |
| Transcribing agency |
DLC |
| Modifying agency |
DLC |
| 042 ## - AUTHENTICATION CODE |
| Authentication code |
pcc |
| 050 00 - LIBRARY OF CONGRESS CALL NUMBER |
| Classification number |
TK5105.8885.A26 |
| Item number |
B46 2003 |
| 100 1# - MAIN ENTRY--PERSONAL NAME |
| Personal name |
Bellinaso, Marco. |
| 245 10 - TITLE STATEMENT |
| Title |
ASP.NET website programming : |
| Remainder of title |
problem, design, solution / |
| Statement of responsibility, etc. |
Marco Bellinaso, Kevin Hoffman. |
| 250 ## - EDITION STATEMENT |
| Edition statement |
C# ed. |
| 260 ## - PUBLICATION, DISTRIBUTION, ETC. |
| Place of publication, distribution, etc. |
Indianapolis, IN : |
| Name of publisher, distributor, etc. |
Wiley Pub., |
| Date of publication, distribution, etc. |
c2003. |
| 300 ## - PHYSICAL DESCRIPTION |
| Extent |
ix, 540 p. : |
| Other physical details |
ill. ; |
| Dimensions |
23 cm. |
| 500 ## - GENERAL NOTE |
| General note |
"Programmer to programmer." |
| 630 00 - SUBJECT ADDED ENTRY--UNIFORM TITLE |
| Uniform title |
Active server pages. |
| 650 #0 - SUBJECT ADDED ENTRY--TOPICAL TERM |
| Topical term or geographic name entry element |
Microsoft .NET Framework. |
| 650 #0 - SUBJECT ADDED ENTRY--TOPICAL TERM |
| Topical term or geographic name entry element |
Web sites |
| General subdivision |
Design. |
| 650 #0 - SUBJECT ADDED ENTRY--TOPICAL TERM |
| Topical term or geographic name entry element |
Internet programming. |
| 700 1# - ADDED ENTRY--PERSONAL NAME |
| Personal name |
Hoffman, Kevin, |
| Dates associated with a name |
1975- |
| 856 42 - ELECTRONIC LOCATION AND ACCESS |
| Materials specified |
Contributor biographical information |
| Uniform Resource Identifier |
<a href="http://www.loc.gov/catdir/bios/wiley046/2003107082.html">http://www.loc.gov/catdir/bios/wiley046/2003107082.html</a> |
| 856 42 - ELECTRONIC LOCATION AND ACCESS |
| Materials specified |
Publisher description |
| Uniform Resource Identifier |
<a href="http://www.loc.gov/catdir/description/wiley0310/2003107082.html">http://www.loc.gov/catdir/description/wiley0310/2003107082.html</a> |
| 856 41 - ELECTRONIC LOCATION AND ACCESS |
| Materials specified |
Table of contents |
| Uniform Resource Identifier |
<a href="http://www.loc.gov/catdir/toc/wiley032/2003107082.html">http://www.loc.gov/catdir/toc/wiley032/2003107082.html</a> |
| 906 ## - LOCAL DATA ELEMENT F, LDF (RLIN) |
| a |
7 |
| b |
cbc |
| c |
orignew |
| d |
2 |
| e |
epcn |
| f |
20 |
| g |
y-gencatlg |
| 942 ## - ADDED ENTRY ELEMENTS (KOHA) |
| Source of classification or shelving scheme |
|
| Koha item type |
Book |